| 000 | 00898nas a2200301 4500 | ||
|---|---|---|---|
| 001 | BR0201080 | ||
| 003 | BR-BrBNA | ||
| 005 | 20231205102742.0 | ||
| 007 | ta | ||
| 008 | 230509b bl.|||p| |||| 00| 00por d | ||
| 040 |
_aBR-BrBNA _bpor _cBiblioteca Nacional de Agricultura |
||
| 041 | _a(Pt) | ||
| 072 | _aE16; E70 | ||
| 100 | 1 | _aMelo, R.N. | |
| 100 | 1 | _aAzevedo, R. de | |
| 245 | 1 | _aAnálise dos custos, margens e canais de comercialização da mandioca, farinha, fécula e raspa no Estado do Ceará | |
| 650 | _aMANDIOCA | ||
| 650 | _aFARINHA | ||
| 650 | _aFÉCULA | ||
| 650 | _aRASPA | ||
| 650 | _aANÁLISE DE CUSTO-BENEFÍCIO | ||
| 650 | _aCOMERCIALIZAÇÃO | ||
| 650 | _aMANIHOT ESCULENTA | ||
| 650 | _aCEARÁ | ||
| 773 | 0 |
_tMagistra (Brazil) _xISSN 0103-2003 _g(Jan-Jun 1996), v.8(8) p. 29-49 _wBR0201080 |
|
| 909 |
_a202311 _bLúcia _c55 _dLúcia Elande |
||
| 942 |
_2AGRIS _n0 _cANA |
||
| 999 |
_c169152 _d169152 |
||